[Event "Open Est 2016-2017"]
[Site "Aubagne"]
[Date "2016.10.01"]
[Round "1.1"]
[White "Benezra, Silke"]
[Black "Cescon, Moreno"]
[Result "0-1"]
[WhiteElo "1340"]
[BlackElo "1785"]
[PlyCount "118"]
[EventDate "2016.??.??"]
[WhiteTeam "L'Echiquier du Roy René"]
[BlackTeam "Club d'Echecs Pennois (CEP)"]

1. d4 d5 2. Nf3 Nf6 3. e3 c5 4. c4 Bg4 5. h3 Bxf3 6. Qxf3 cxd4 7. cxd5 dxe3 8.
Bxe3 Qxd5 9. Be2 e6 10. O-O Be7 11. Nc3 Qxf3 12. Bxf3 Nc6 13. Rfd1 O-O 14. Rac1
Rfd8 15. Re1 Nb4 16. Bxb7 Rab8 17. Be4 Nxe4 18. Nxe4 Nd3 19. Rc7 Nxe1 20. Rxe7
Rxb2 21. Rxa7 Nc2 22. Bc5 h6 23. a4 Nb4 24. Rb7 Nd3 25. Bb6 Ra8 26. a5 Ne5 27.
Rc7 Rb4 28. Nd6 Rd8 29. Nb7 Rd7 30. Rc8+ Kh7 31. Nc5 Rd1+ 32. Kh2 Nc4 33. Ra8
Nxb6 34. axb6 Rxb6 35. Na4 Rc6 36. Rb8 Ra1 37. Nb6 Rb1 38. Nd7 Rxb8 39. Nxb8
Rc2 40. f3 g5 41. Nd7 Kg6 42. Ne5+ Kg7 43. Kg3 f5 44. Nd3 Kf6 45. Kh2 e5 46.
Nb4 Rd2 47. Nc6 e4 48. fxe4 fxe4 49. Kg1 Kf5 50. g3 e3 51. Kf1 Ke4 52. h4 g4
53. h5 Kf3 54. Ne5+ Kxg3 55. Nc4 Ra2 56. Nxe3 Kf3 57. Nd1 Ra1 58. Ke1 Rxd1+ 59.
Kxd1 Kf2 0-1

[Event "Open Est 2016-2017"]
[Site "Aubagne"]
[Date "2016.10.01"]
[Round "1.2"]
[White "Denis, Vincent"]
[Black "Ulloa, Philippe"]
[Result "1-0"]
[WhiteElo "1778"]
[BlackElo "1325"]
[PlyCount "65"]
[EventDate "2016.??.??"]
[WhiteTeam "Marseille Passion Echecs"]
[BlackTeam "Club d'Echecs Pennois (CEP)"]

1. d4 d5 2. Bf4 Nf6 3. Nf3 e6 4. e3 a6 5. Nbd2 c5 6. c3 c4 7. Qc2 Nbd7 8. e4
dxe4 9. Nxe4 Nd5 10. Bd6 b5 11. Bxf8 Nxf8 12. g3 Ng6 13. Bg2 h6 14. O-O O-O 15.
Nc5 Ra7 16. Rfe1 Qb6 17. Ne5 Nxe5 18. Rxe5 Nf6 19. a3 Rd8 20. Rae1 a5 21. Qe2
Rc7 22. Ne4 Nd7 23. Rh5 f5 24. Nd2 Nf6 25. Rh4 a4 26. Nf3 Kh7 27. Ng5+ Kg6 28.
Nxe6 Bxe6 29. Qxe6 Qb8 30. Bh3 Rd5 31. Re5 Qc8 32. Bxf5+ Kg5 33. f4# 1-0

[Event "Open Est 2016-2017"]
[Site "Aubagne"]
[Date "2016.10.01"]
[Round "1.3"]
[White "Rieu, Jean"]
[Black "Deregnaucourt, Yves"]
[Result "0-1"]
[WhiteElo "1320"]
[BlackElo "1729"]
[PlyCount "66"]
[EventDate "2016.??.??"]
[WhiteTeam "U.S.C.M."]
[BlackTeam "Cercle d'Echecs Aubagnais"]

1. Nf3 Nf6 2. d4 c5 3. Nc3 cxd4 4. Nxd4 e5 5. Nf5 d5 6. Ng3 Be6 7. Bg5 Bb4 8.
Bxf6 Qxf6 9. e3 d4 10. Bb5+ Nc6 11. Bxc6+ bxc6 12. Nge4 Qg6 13. Qd3 Bf5 14. a3
Bxe4 15. Qa6 Bxc3+ 16. bxc3 Qxg2 17. O-O-O O-O 18. Qe2 Bf3 19. Qe1 Qxh1 20.
Qxh1 Bxh1 21. Rxh1 c5 22. cxd4 exd4 23. exd4 cxd4 24. h4 Rfe8 25. h5 h6 26. Rh4
Rad8 27. f4 Re2 28. f5 d3 29. cxd3 Rxd3 30. Rb4 Rf3 31. Rb8+ Kh7 32. Kd1 Ra2
33. Ke1 Rh3 0-1

[Event "Open Est 2016-2017"]
[Site "Aubagne"]
[Date "2016.10.01"]
[Round "1.4"]
[White "Roger, Patrick"]
[Black "Ralijaona, Gabriela"]
[Result "1-0"]
[WhiteElo "1668"]
[BlackElo "1316"]
[PlyCount "75"]
[EventDate "2016.??.??"]
[WhiteTeam "Club Provence Echecs"]
[BlackTeam "Marseille Passion Echecs"]

1. e4 e5 2. Nf3 Nc6 3. Bc4 Bc5 4. c3 d6 5. d4 Bb6 6. dxe5 Be6 7. Bxe6 fxe6 8.
exd6 cxd6 9. Qb3 Qd7 10. Ng5 Nd8 11. O-O Nf6 12. Nd2 O-O 13. Nc4 Bc5 14. Be3
Nf7 15. Bxc5 dxc5 16. Nxf7 Qxf7 17. Nd6 Qe7 18. Rad1 Rad8 19. e5 Ng4 20. Rde1
Qh4 21. Qxe6+ Kh8 22. Nf7+ Kg8 23. Nxd8+ Kh8 24. Nf7+ Kg8 25. h3 Rxf7 26. Qxg4
Qh6 27. Qc8+ Rf8 28. Qxb7 Qd2 29. Qb3+ Kh8 30. e6 Rc8 31. e7 Qd7 32. Qf7 Qe8
33. Re3 c4 34. Rfe1 a6 35. Rf3 a5 36. Qf8+ Qxf8 37. exf8=Q+ Rxf8 38. Rxf8# 1-0

[Event "Open Est 2016-2017"]
[Site "Aubagne"]
[Date "2016.10.01"]
[Round "1.5"]
[White "Strate, Francois"]
[Black "Desbois, Jean-Marie"]
[Result "0-1"]
[WhiteElo "1315"]
[BlackElo "1657"]
[PlyCount "80"]
[EventDate "2016.??.??"]
[WhiteTeam "Sanary Echecs"]
[BlackTeam "USAM Echiquier Brestois"]

1. d4 d5 2. c4 e5 3. dxe5 d4 4. Nf3 Nc6 5. Nbd2 Be6 6. Nb3 Qd7 7. e3 Bb4+ 8.
Bd2 dxe3 9. Bxb4 exf2+ 10. Kxf2 Nxb4 11. Qxd7+ Bxd7 12. a3 Nc6 13. Bd3 O-O-O
14. Rhe1 h6 15. Nc5 Nge7 16. Be4 Bf5 17. Bxf5+ Nxf5 18. b4 Nfd4 19. Nxd4 Rxd4
20. e6 fxe6 21. Nxe6 Rxc4 22. Nxg7 Rg8 23. Re8+ Rxe8 24. Nxe8 Rf4+ 25. Ke3 Rf7
26. Kd2 Kd7 27. Re1 Ne7 28. Nxc7 Kxc7 29. Re2 Nc6 30. Kc3 Re7 31. Rxe7+ Nxe7
32. g4 b5 33. Kd4 Kd6 34. h4 Ng6 35. h5 Ne5 36. g5 hxg5 37. h6 g4 38. h7 Ng6
39. Ke3 Ke5 40. Kf2 Kf4 0-1

[Event "Open Est 2016-2017"]
[Site "Aubagne"]
[Date "2016.10.01"]
[Round "1.6"]
[White "Bertrand, Frederic"]
[Black "Frontera, Pierre"]
[Result "1-0"]
[WhiteElo "1650"]
[BlackElo "1314"]
[PlyCount "69"]
[EventDate "2016.??.??"]
[BlackTeam "Cercle d'Echecs Aubagnais"]

1. e4 e5 2. Nf3 Nc6 3. Bb5 a6 4. Ba4 b5 5. Bb3 Nf6 6. O-O d6 7. d4 h6 8. dxe5
Nxe4 9. Bd5 Bb7 10. Bxe4 Rg8 11. e6 Qf6 12. exf7+ Qxf7 13. Bd5 Qd7 14. Re1+ Be7
15. Nh4 O-O-O 16. Be6 Bxh4 17. Bxd7+ Rxd7 18. Qg4 Bf6 19. Nc3 Nd4 20. Rb1 h5
21. Qd1 h4 22. Ne4 Bxe4 23. Rxe4 c5 24. c3 Nc6 25. h3 Kc7 26. Bf4 Ne5 27. Bxe5
dxe5 28. Qf3 Rgd8 29. Rbe1 Re7 30. Qe3 Kb6 31. b4 Rc8 32. Rd1 Re6 33. Rd5 Rec6
34. bxc5+ Rxc5 35. c4 1-0

[Event "Open Est 2016-2017"]
[Site "Aubagne"]
[Date "2016.10.01"]
[Round "1.7"]
[White "Bui, Christopher"]
[Black "Guidini, Rene"]
[Result "1/2-1/2"]
[WhiteElo "1313"]
[BlackElo "1600"]
[PlyCount "108"]
[EventDate "2016.??.??"]
[WhiteTeam "Cercle d'Echecs Aubagnais"]
[BlackTeam "Cercle d'Echecs Aubagnais"]

1. e4 c5 2. Bc4 e6 3. Nc3 Nc6 4. Nf3 d6 5. O-O a6 6. a4 Nf6 7. d4 cxd4 8. Nxd4
Nxd4 9. Qxd4 Qc7 10. b3 Be7 11. Bb2 O-O 12. Rfe1 e5 13. Qd2 Bd7 14. Rad1 Bc6
15. h3 Rab8 16. Nd5 Bxd5 17. Bxd5 b5 18. axb5 axb5 19. Bc3 Nd7 20. Ra1 Rfc8 21.
Re3 Nf6 22. Ra6 Nxd5 23. exd5 Bg5 24. Rc6 Bxe3 25. fxe3 Qe7 26. Bb4 Rxc6 27.
dxc6 Rd8 28. Qd5 Qa7 29. Kf2 Qa2 30. Qd3 Qa6 31. c7 Rc8 32. Bxd6 Qc6 33. Bxe5
h6 34. Qd8+ Qe8 35. Qxe8+ Rxe8 36. Bd6 Rc8 37. Ke2 f6 38. Kd3 Kf7 39. Kd4 Ke6
40. Kc5 Kd7 41. e4 Re8 42. Kd5 h5 43. Bf4 g5 44. Bd6 Ra8 45. e5 fxe5 46. Bxe5
Ra2 47. c4 bxc4 48. Kxc4 Rxg2 49. b4 g4 50. hxg4 Rxg4+ 51. Kc5 Rg5 52. Kd4 h4
53. b5 Rxe5 54. Kxe5 Kxc7 1/2-1/2

[Event "Open Est 2016-2017"]
[Site "Aubagne"]
[Date "2016.10.01"]
[Round "1.8"]
[White "Ganier, Philippe"]
[Black "Piquemal, Maxence"]
[Result "1-0"]
[WhiteElo "1584"]
[BlackElo "1313"]
[PlyCount "41"]
[EventDate "2016.??.??"]
[WhiteTeam "La Ciotat Echecs (LCE)"]
[BlackTeam "Marseille Echecs"]

1. d4 c5 2. d5 d6 3. c4 Nf6 4. Nc3 Bf5 5. f3 Qc7 6. e4 Bg6 7. Bd3 e6 8. Nge2 h6
9. Bc2 Qc8 10. O-O Be7 11. Bf4 O-O 12. Bg3 Nbd7 13. Rc1 Nb6 14. Nf4 Bh7 15. Nd3
Rb8 16. e5 Ne8 17. exd6 Bxd6 18. Bxd6 Nxd6 19. Nxc5 Nbxc4 20. Qd4 Bxc2 21. Qxc4
{LA  Partie est illisible} 1-0

[Event "Open Est 2016-2017"]
[Site "Aubagne"]
[Date "2016.10.01"]
[Round "1.9"]
[White "Denis, Alexandra"]
[Black "Sage, Jean-Claude"]
[Result "0-1"]
[WhiteElo "1309"]
[BlackElo "1576"]
[PlyCount "84"]
[EventDate "2016.??.??"]
[WhiteTeam "Marseille Passion Echecs"]
[BlackTeam "Echiquier Marseillais 1872"]

1. d4 d5 2. Bf4 Nf6 3. e3 e6 4. Nd2 Bd7 5. Ngf3 Nc6 6. c4 dxc4 7. Bxc4 Be7 8.
O-O O-O 9. Rc1 Nh5 10. Bg3 Nxg3 11. fxg3 a6 12. a3 b5 13. Bd3 Rc8 14. Qc2 f5
15. h3 h6 16. Nh2 Bd6 17. Ndf3 Bxg3 18. a4 Nb4 19. Qd1 Nxd3 20. Qxd3 Qe7 21.
Qb3 bxa4 22. Qc3 Bb5 23. Rfd1 Bd6 24. Qe1 f4 25. Ng4 fxe3 26. Nxe3 a3 27. bxa3
Bxa3 28. Rb1 Bd6 29. Ng4 c5 30. dxc5 Bxc5+ 31. Kh1 Qf7 32. Qg3 Qc7 33. Nfe5 Kh7
34. Rxb5 axb5 35. Rd7 Rf1+ 36. Kh2 Bg1+ 37. Kh1 Bf2+ 38. Kh2 Bxg3+ 39. Kxg3
Qc3+ 40. Kh2 Rcf8 41. Rd3 Qe1 42. Re3 Rh1# 0-1

[Event "Open Est 2016-2017"]
[Site "Aubagne"]
[Date "2016.10.01"]
[Round "1.10"]
[White "Corrias, Robert"]
[Black "Pentcheff, Laura"]
[Result "1-0"]
[WhiteElo "1566"]
[BlackElo "1307"]
[PlyCount "75"]
[EventDate "2016.??.??"]
[WhiteTeam "Club d'Echecs Pennois (CEP)"]
[BlackTeam "Cassis Echecs"]

1. Nf3 d6 2. d4 Nf6 3. Nc3 g6 4. e4 Bg7 5. Bg5 O-O 6. Qd2 Re8 7. O-O-O c6 8.
Kb1 Nbd7 9. e5 dxe5 10. dxe5 Ng4 11. Bf4 Qb6 12. Bg3 Ndxe5 13. Be2 Be6 14. Na4
Qc7 15. Nc5 Qc8 16. h3 Nxf3 17. Bxf3 Nf6 18. Nxe6 Qxe6 19. Rhe1 Qc8 20. Qb4 e6
21. Qb3 a5 22. a4 Nd7 23. Bh4 Ne5 24. Be2 Nd7 25. Qc4 Nb6 26. Qb3 Nd5 27. c4
Ne7 28. g4 Qb8 29. Rd7 Nc8 30. Red1 Qe5 31. Bf1 b5 32. cxb5 cxb5 33. Bxb5 Rb8
34. Bg3 Qe4+ 35. Ka2 Rb6 36. f3 Qa8 37. Qc4 Na7 38. Bf2 1-0

[Event "Open Est 2016-2017"]
[Site "Aubagne"]
[Date "2016.10.01"]
[Round "1.11"]
[White "Moerenhout, Jean Claude"]
[Black "Pelopidas, Florian"]
[Result "0-1"]
[WhiteElo "1277"]
[BlackElo "1559"]
[PlyCount "70"]
[EventDate "2016.??.??"]
[WhiteTeam "Cercle d'Echecs Aubagnais"]
[BlackTeam "L'Echiquier du Roy René"]

1. d4 Nf6 2. Nf3 g6 3. e3 Bg7 4. Bd3 d5 5. Nbd2 O-O 6. O-O c5 7. c3 c4 8. Bc2
Nc6 9. e4 dxe4 10. Nxe4 Nxe4 11. Bxe4 Bd7 12. Re1 Rc8 13. Bg5 Re8 14. Qd2 Qc7
15. Bh6 b5 16. Bxg7 Kxg7 17. Re3 e6 18. Ng5 Qf4 19. Nxh7 Rh8 20. g3 Qh6 21. Nf6
Qxh2+ 22. Kf1 Kxf6 23. Ke2 Qh5+ 24. Rf3+ Kg7 25. Qf4 f5 26. Qd6 fxe4 27. Qxd7+
Kh6 28. Qf7 Qxf3+ 29. Qxf3 exf3+ 30. Kxf3 Rcf8+ 31. Ke3 Kg7 32. a4 b4 33. a5 a6
34. Ra4 Rh2 35. cxb4 Rhxf2 0-1

[Event "Open Est 2016-2017"]
[Site "Aubagne"]
[Date "2016.10.01"]
[Round "1.12"]
[White "Favarel-Lubeigt, Helina"]
[Black "Autouard, Jean-Luc"]
[Result "1-0"]
[WhiteElo "1554"]
[BlackElo "1276"]
[PlyCount "91"]
[EventDate "2016.??.??"]
[WhiteTeam "L'Echiquier du Roy René"]
[BlackTeam "Cercle d'Echecs Aubagnais"]

1. d4 e6 2. c4 Nf6 3. Nc3 d6 4. Bg5 Be7 5. Nf3 Bd7 6. e4 c5 7. Be2 Nc6 8. O-O
a6 9. Re1 O-O 10. Qd2 Qc7 11. Rad1 Rad8 12. Qf4 e5 13. dxe5 dxe5 14. Qc1 Nd4
15. Bxf6 Bxf6 16. Nd5 Qc6 17. Nxe5 Qe6 18. Nxd7 Rxd7 19. Bd3 Be5 20. Qg5 f6 21.
Qh5 Rdf7 22. Re3 g5 23. Qh6 g4 24. Be2 Rg7 25. f3 Rg5 26. Qh4 Nxe2+ 27. Rxe2
gxf3 28. Rf2 Bd4 29. Rxd4 cxd4 30. Rxf3 Kg7 31. Nxf6 h6 32. Nh5+ Kg8 33. Rxf8+
Kxf8 34. Qf2+ Qf7 35. Nf4 Ke7 36. Nd5+ Kf8 37. Qxd4 Qg7 38. Qc5+ Kg8 39. Qf2
Kh8 40. Nf4 Qh7 41. Ne6 Rg8 42. Qf6+ Rg7 43. Nxg7 Qxg7 44. Qxg7+ Kxg7 45. Kf2
Kf6 46. Ke3 1-0

[Event "Open Est 2016-2017"]
[Site "Aubagne"]
[Date "2016.10.01"]
[Round "1.13"]
[White "Periale, Albert"]
[Black "Ghazarian, David"]
[Result "1-0"]
[WhiteElo "1274"]
[BlackElo "1546"]
[PlyCount "85"]
[EventDate "2016.??.??"]
[WhiteTeam "Cercle d'Echecs Aubagnais"]
[BlackTeam "Cercle d'Echecs Aubagnais"]

1. d4 d5 2. c4 e6 3. Nc3 Nf6 4. Bg5 Be7 5. e3 Nbd7 6. Nf3 O-O 7. Bd3 c5 8. cxd5
exd5 9. O-O Re8 10. dxc5 Bxc5 11. Rc1 Be7 12. Qc2 h6 13. Bf4 b6 14. Nb5 Bb7 15.
Nc7 Rc8 16. Qd2 Rf8 17. b4 Nh5 18. Nb5 Nxf4 19. exf4 Nf6 20. Nxa7 Ra8 21. Nb5
Ba6 22. Rfe1 Ne4 23. Qb2 Qd7 24. Rc7 Qd8 25. Rc2 Qe8 26. Nc7 Qa4 27. Nxa6 Rxa6
28. Bxa6 Qxa6 29. Rec1 Bf6 30. Qb3 d4 31. Ne1 Rd8 32. Nd3 Nc3 33. Rd2 Re8 34.
Kf1 Bd8 35. Re1 Rf8 36. a3 Bc7 37. Kg1 Rc8 38. Ne5 Bxe5 39. fxe5 Rc4 40. e6 Kf8
41. exf7 Rc8 42. Qe6 Ne2+ 43. Rdxe2 1-0

[Event "Open Est 2016-2017"]
[Site "Aubagne"]
[Date "2016.10.01"]
[Round "1.14"]
[White "Fournier, Alain"]
[Black "Borrini, Rodrigue"]
[Result "0-1"]
[WhiteElo "1544"]
[BlackElo "1222"]
[PlyCount "114"]
[EventDate "2016.??.??"]
[WhiteTeam "Club Provence Echecs"]
[BlackTeam "L'Echiquier du Roy René"]

1. d4 e6 2. Nf3 d5 3. Bf4 c5 4. e3 Nc6 5. c3 Qb6 6. Qc1 Nge7 7. Bd3 Bd7 8. Nbd2
g6 9. O-O Bg7 10. Ne5 Rc8 11. Nxd7 Kxd7 12. dxc5 Qxc5 13. Qd1 Qb6 14. Be4 Qxb2
15. Rb1 Qxc3 16. Rxb7+ Ke8 17. Bc2 Ne5 18. Ba4+ N7c6 19. Bxe5 Bxe5 20. Nf3 Bf6
21. Nd4 Bxd4 22. exd4 Kf8 23. Bxc6 Rxc6 24. Rxa7 Rc4 25. a4 Rxd4 26. Qa1 Qc5
27. Ra8+ Kg7 28. Rxh8 Kxh8 29. Rd1 e5 30. Rxd4 exd4 31. a5 Qa7 32. a6 Kg8 33.
Kf1 d3 34. Qa5 h5 35. Ke1 Kh7 36. Qb5 d2+ 37. Kxd2 Qxf2+ 38. Qe2 Qd4+ 39. Qd3
Qb2+ 40. Qc2 Qb4+ 41. Kc1 Qa3+ 42. Kd2 Qxa6 43. Ke3 Qe6+ 44. Kd2 Qe4 45. Qxe4
dxe4 46. Ke3 f5 47. h4 Kg7 48. g3 Kf6 49. Kf4 Ke6 50. Ke3 Ke5 51. Ke2 Kd4 52.
Kd2 e3+ 53. Ke1 Ke4 54. Ke2 f4 55. Kf1 fxg3 56. Kg2 Kd3 57. Kh3 e2 0-1

[Event "Open Est 2016-2017"]
[Site "Aubagne"]
[Date "2016.10.01"]
[Round "1.15"]
[White "Garbe, Georges"]
[Black "Cavanihac, Claude"]
[Result "0-1"]
[WhiteElo "1216"]
[BlackElo "1504"]
[PlyCount "107"]
[EventDate "2016.??.??"]
[WhiteTeam "Cercle d'Echecs Aubagnais"]
[BlackTeam "Cercle d'Echecs Aubagnais"]

1. c4 f5 2. Nc3 Nf6 3. d3 e5 4. g3 c6 5. Bg2 Be7 6. Nf3 d6 7. O-O O-O 8. Bd2 h6
9. Ne1 d5 10. a3 Be6 11. Rb1 dxc4 12. dxc4 Bxc4 13. b3 Bd5 14. f3 Qd7 15. Nd3
Rd8 16. Nxe5 Qc7 17. Ng6 Bc5+ 18. Kh1 Bf7 19. Nf4 Be3 20. Nd3 Bd4 21. Qc2 Qd7
22. e3 Bxc3 23. Qxc3 Qxd3 24. Qxd3 Rxd3 25. Rfd1 Rxb3 26. Rbc1 Na6 27. Bf1 Nc7
28. Rc5 g6 29. a4 Nd7 30. Rc3 Re8 31. Kg2 Nb6 32. Bd3 Rxc3 33. Bxc3 Nxa4 34.
Ba1 Nd5 35. Re1 b5 36. Bd4 a6 37. Rc1 Rc8 38. Bc5 Nxc5 39. Rxc5 Be6 40. g4 Kg7
41. e4 fxe4 42. Bxe4 Ne7 43. Kg3 Bd5 44. Kf4 Kf6 45. h4 g5+ 46. hxg5+ hxg5+ 47.
Ke3 Ke5 48. Bf5 Nxf5+ 49. gxf5 Kxf5 50. Rc1 a5 51. Rh1 Re8+ 52. Kf2 Kf4 53. Re1
Rxe1 54. Kxe1 0-1

[Event "Open Est 2016-2017"]
[Site "Aubagne"]
[Date "2016.10.01"]
[Round "1.16"]
[White "Andonian, Pierre"]
[Black "Pietrac, Christian"]
[Result "1-0"]
[WhiteElo "1502"]
[BlackElo "1205"]
[PlyCount "93"]
[EventDate "2016.??.??"]
[WhiteTeam "Echiquier Marseillais 1872"]
[BlackTeam "Club d'Echecs de Miramas"]

1. Nf3 Nf6 2. Nc3 e6 3. e4 Bb4 4. e5 Bxc3 5. bxc3 Nd5 6. Bc4 Nb6 7. Bb3 Nc6 8.
O-O f6 9. Re1 O-O 10. d4 Nd5 11. Qd3 b6 12. exf6 Qxf6 13. Bg5 Qf5 14. Qd2 Bb7
15. Ne5 Nxe5 16. Rxe5 Qg4 17. Rf1 Nf6 18. f3 Bxf3 19. Rxf3 Ne4 20. Qe3 Nd2 21.
Rxf8+ Rxf8 22. Qxd2 c6 23. Be7 Rf7 24. Bd6 b5 25. Qe2 Qxe2 26. Rxe2 Rf6 27. Rf2
a5 28. a4 Rxf2 29. Kxf2 Kf7 30. axb5 cxb5 31. c4 a4 32. Ba2 bxc4 33. Bxc4 Kf6
34. Bb5 a3 35. Bxa3 d5 36. Bd6 Kf5 37. Bd3+ Kf6 38. Kg3 g6 39. h4 h5 40. Kf4
Kf7 41. Kg5 Kg7 42. Bxg6 Kg8 43. Kxh5 Kg7 44. Kg5 Kg8 45. h5 Kg7 46. h6+ Kg8
47. h7+ 1-0

[Event "Open Est 2016-2017"]
[Site "Aubagne"]
[Date "2016.10.01"]
[Round "1.17"]
[White "Dektiannikov, Artiom"]
[Black "Benezra, Ruthy"]
[Result "0-1"]
[WhiteElo "1199"]
[BlackElo "1496"]
[PlyCount "72"]
[EventDate "2016.??.??"]
[WhiteTeam "Cassis Echecs"]
[BlackTeam "L'Echiquier du Roy René"]

1. e4 c5 2. c3 Nf6 3. e5 Nd5 4. c4 Nb6 5. d3 Nc6 6. f4 d6 7. exd6 Qxd6 8. Bd2
Bf5 9. Be3 g6 10. g4 Bd7 11. Nc3 Nd4 12. Ne4 Qc6 13. Bg2 f5 14. Nf3 fxe4 15.
Ng5 Qf6 16. Nxe4 Qh4+ 17. Bf2 Qxg4 18. Nxc5 Qxg2 19. Kd2 Qxf2+ 20. Kc1 Bg7 21.
Qd2 Qxd2+ 22. Kxd2 Bc6 23. Rae1 Nf3+ 24. Ke2 Nxe1 25. Kxe1 Bxh1 26. Ne6 Kf7 27.
Ng5+ Kf6 28. c5 Nd5 29. a3 Nxf4 30. d4 Kxg5 31. Kf1 Rhf8 32. Kg1 Nd3 33. Kxh1
Rf2 34. b4 Bxd4 35. c6 Nf4 36. cxb7 Rf1# 0-1

[Event "Open Est 2016-2017"]
[Site "Aubagne"]
[Date "2016.10.01"]
[Round "1.18"]
[White "Gutman, Leni"]
[Black "Turpin, Isabelle"]
[Result "1-0"]
[WhiteElo "1485"]
[BlackElo "1195"]
[PlyCount "53"]
[EventDate "2016.??.??"]
[WhiteTeam "Marseille Echecs"]
[BlackTeam "Cercle d'Echecs Aubagnais"]

1. d4 Nf6 2. c4 c6 3. Nf3 h6 4. Nc3 e6 5. e4 d6 6. Bd3 Qc7 7. O-O Be7 8. Re1 g5
9. e5 Nh5 10. Nd2 Nf4 11. Bc2 c5 12. exd6 Bxd6 13. Nb5 Qd7 14. Nxd6+ Qxd6 15.
Nb3 Qc6 16. Be4 Qc7 17. d5 O-O 18. d6 Qb6 19. Bxf4 gxf4 20. Qg4+ Kh8 21. Qxf4
f5 22. Qxh6+ Kg8 23. Re3 Qxd6 24. Rg3+ Kf7 25. Bxf5 Rd8 26. Qg7+ Ke8 27. Bg6#
1-0

[Event "Open Est 2016-2017"]
[Site "Aubagne"]
[Date "2016.10.01"]
[Round "1.19"]
[White "Masson, Wally"]
[Black "Vicari-Vento, Salvatore"]
[Result "1/2-1/2"]
[WhiteElo "1191"]
[BlackElo "1467"]
[PlyCount "147"]
[EventDate "2016.??.??"]
[WhiteTeam "Cercle d'Echecs Aubagnais"]
[BlackTeam "Cercle d'Echecs Aubagnais"]

1. f4 d5 2. Nf3 Nc6 3. e3 Nf6 4. Bb5 Bd7 5. O-O e6 6. Nc3 Bd6 7. b3 a6 8. Bd3
O-O 9. Qe1 e5 10. fxe5 Nxe5 11. Nxe5 Bxe5 12. Bb2 b5 13. Rb1 c5 14. Bf5 Bxf5
15. Rxf5 Qd6 16. Qh4 Qe6 17. Rbf1 b4 18. Nd1 d4 19. exd4 cxd4 20. Bxd4 Bxd4+
21. Qxd4 a5 22. Rxf6 gxf6 23. Rxf6 Qe1+ 24. Rf1 Qe6 25. Rf4 f5 26. c3 Rad8 27.
Qf2 bxc3 28. Nxc3 Rde8 29. Nb5 Qe1+ 30. Qxe1 Rxe1+ 31. Kf2 Re5 32. Nd6 Kg7 33.
Nc4 Rd5 34. Rf3 Rf6 35. a3 Rc6 36. d3 Kg6 37. Rg3+ Kf7 38. Re3 Re6 39. Rxe6
Kxe6 40. Ke3 Rd8 41. Nxa5 Rd5 42. b4 Kd7 43. Nc4 Kc6 44. a4 Rd8 45. b5+ Kc5 46.
b6 Kc6 47. a5 Kb7 48. h3 h5 49. Ne5 Rc8 50. d4 Ka6 51. Kf4 Kxa5 52. b7 Kb6 53.
b8=Q+ Rxb8 54. Nd7+ Kc7 55. Nxb8 Kxb8 56. Kxf5 Kc7 57. g4 hxg4 58. hxg4 Kd7 59.
g5 Ke7 60. d5 Kd6 61. g6 Kxd5 62. g7 Kd4 63. g8=Q Kc3 64. Qd5 Kb4 65. Ke4 Ka3
66. Qc4 Kb2 67. Kd3 Ka1 68. Kd2 Kb2 69. Kd1 Ka1 70. Kd2 Kb2 71. Qc2+ Ka1 72.
Qc1+ Ka2 73. Qc3 Kb1 74. Qc2+ 1/2-1/2

[Event "Open Est 2016-2017"]
[Site "Aubagne"]
[Date "2016.10.01"]
[Round "1.20"]
[White "Hunault, Francis"]
[Black "Denis, Karine"]
[Result "1-0"]
[WhiteElo "1459"]
[BlackElo "1190"]
[PlyCount "51"]
[EventDate "2016.??.??"]
[WhiteTeam "Cercle d'Echecs Aubagnais"]
[BlackTeam "Marseille Passion Echecs"]

1. d4 d5 2. Nf3 Nc6 3. Bf4 e6 4. a3 Nf6 5. Nc3 Be7 6. e3 O-O 7. Bd3 Re8 8. Ne5
Rb8 9. g4 Nd7 10. Qf3 Ndxe5 11. dxe5 Bg5 12. h4 Bxh4 13. Qh3 g5 14. Bg3 d4 15.
O-O-O Bd7 16. Ne4 Kg7 17. Nf6 Rh8 18. f4 h6 19. Bxh4 gxh4 20. Qxh4 Kf8 21. g5
Ke7 22. gxh6 Qf8 23. Nh7+ Ke8 24. Nxf8 Rxf8 25. h7 Rh8 26. Qf6 1-0

[Event "Open Est 2016-2017"]
[Site "Aubagne"]
[Date "2016.10.01"]
[Round "1.21"]
[White "Soulet, Julia"]
[Black "Roche, Alain"]
[Result "0-1"]
[WhiteElo "1183"]
[BlackElo "1423"]
[PlyCount "82"]
[EventDate "2016.??.??"]
[WhiteTeam "Cassis Echecs"]
[BlackTeam "Echiquier Marseillais 1872"]

1. d4 d5 2. Nc3 h6 3. Nf3 Nf6 4. Bf4 a6 5. e3 g6 6. Be2 Bg7 7. O-O O-O 8. Qd3
b5 9. e4 dxe4 10. Nxe4 Bf5 11. Qc3 Nxe4 12. Qxc7 g5 13. Qb7 Nd7 14. d5 gxf4 15.
Nd4 Ndc5 16. Qc6 Bd7 17. Qxa8 Qxa8 18. Rad1 Qb8 19. Bf3 Bxd4 20. Rxd4 Qe5 21.
Rfd1 Ng5 22. Bh5 Bf5 23. d6 Kh7 24. Rd5 Qe6 25. Rxc5 exd6 26. Rc6 Rd8 27. Rxa6
Ne4 28. Rd4 Nd2 29. h3 Nc4 30. Bf3 Qe1+ 31. Kh2 Qxf2 32. Rxf4 Qc5 33. b3 Qe5
34. Kg3 Rg8+ 35. Bg4 Nd2 36. a4 Bxg4 37. hxg4 Qe3+ 38. Rf3 Ne4+ 39. Kh4 Qg5+
40. Kh3 Qxg4+ 41. Kh2 Qxg2# 0-1

[Event "Open Est 2016-2017"]
[Site "Aubagne"]
[Date "2016.10.01"]
[Round "1.22"]
[White "Blanc, Maxime"]
[Black "Ralijaona, Emma"]
[Result "1-0"]
[WhiteElo "1422"]
[BlackElo "1180"]
[PlyCount "135"]
[EventDate "2016.??.??"]
[WhiteTeam "Cassis Echecs"]
[BlackTeam "Marseille Passion Echecs"]

1. c4 e5 2. Nc3 Bc5 3. e3 Nf6 4. g3 O-O 5. Bg2 Nc6 6. Nge2 a6 7. d4 Bb4 8. a3
Ba5 9. b4 Bb6 10. Bxc6 dxc6 11. dxe5 Qxd1+ 12. Nxd1 Ne4 13. Ndc3 Nxc3 14. Nxc3
Re8 15. c5 Ba7 16. f4 b6 17. Na4 bxc5 18. Nxc5 Bb6 19. Ke2 a5 20. Bb2 axb4 21.
axb4 Rxa1 22. Rxa1 Bg4+ 23. Kd2 h6 24. Ra6 Bc8 25. Ra8 Kf8 26. Ba3 Bb7 27.
Rxe8+ Kxe8 28. Nxb7 f6 29. exf6 gxf6 30. Kd3 Kf7 31. Nc5 Ba7 32. f5 h5 33. h4
Bxc5 34. bxc5 Ke8 35. Bb4 Kd8 36. Kd4 Kc8 37. e4 Kb7 38. e5 fxe5+ 39. Kxe5 Kc8
40. Kf6 Kd8 41. Kg7 Ke8 42. f6 Kd7 43. f7 Ke6 44. f8=Q Kd5 45. Qf6 Kc4 46. Qxc6
Kxb4 47. Qa6 Kxc5 48. Qe6 c6 49. Kg6 Kb5 50. Qxc6+ Kxc6 51. Kxh5 Kd6 52. Kg6
Ke5 53. h5 Ke4 54. h6 Kf3 55. h7 Kxg3 56. h8=Q Kf2 57. Qh3 Ke2 58. Qg3 Kd2 59.
Qf3 Kc2 60. Qe3 Kb2 61. Qd3 Ka2 62. Qc3 Kb1 63. Qd2 Ka1 64. Kf5 Kb1 65. Ke4 Ka1
66. Kd3 Kb1 67. Kc3 Ka1 68. Qb2# 1-0

[Event "Open Est 2016-2017"]
[Site "Aubagne"]
[Date "2016.10.01"]
[Round "1.23"]
[White "Rando, Mathias"]
[Black "Benezra, David"]
[Result "0-1"]
[WhiteElo "1170"]
[BlackElo "1418"]
[PlyCount "94"]
[EventDate "2016.??.??"]
[WhiteTeam "Club Provence Echecs"]
[BlackTeam "L'Echiquier du Roy René"]

1. e4 c5 2. Nf3 e6 3. Nc3 a6 4. d3 b5 5. a3 Bb7 6. Be3 Qc7 7. Be2 d6 8. O-O Nf6
9. d4 cxd4 10. Bxd4 Be7 11. e5 Ng4 12. Qd2 Nxe5 13. Bxe5 dxe5 14. Qe3 Nd7 15.
Rad1 O-O 16. Ng5 h6 17. Nge4 Nb6 18. b4 Nc4 19. Bxc4 Qxc4 20. Rd3 Rfd8 21. Nc5
Bxc5 22. bxc5 Rxd3 23. cxd3 Qxc3 24. Rc1 Qd4 25. c6 Qxe3 26. fxe3 Bc8 27. Rc5
f6 28. d4 exd4 29. exd4 Kf7 30. d5 exd5 31. Rxd5 Be6 32. Rd6 Ke7 33. Rd3 Rc8
34. Rc3 Kd6 35. Rd3+ Kxc6 36. Rc3+ Kd5 37. Rd3+ Kc6 38. Rc3+ Kb6 39. Re3 Bc4
40. Re4 Rc7 41. Rd4 Ka5 42. g4 Ka4 43. Rd8 Kxa3 44. Ra8 b4 45. Kf2 b3 46. Rd8
b2 47. Rd1 Ka2 0-1

[Event "Open Est 2016-2017"]
[Site "Aubagne"]
[Date "2016.10.01"]
[Round "1.24"]
[White "Gamblin, Vincent"]
[Black "Boudet, Nicole"]
[Result "1-0"]
[WhiteElo "1418"]
[BlackElo "1160"]
[PlyCount "43"]
[EventDate "2016.??.??"]
[WhiteTeam "Marseille Echecs"]
[BlackTeam "Cercle d'Echecs Aubagnais"]

1. e4 c6 2. d4 d5 3. exd5 cxd5 4. Nc3 Nf6 5. Nf3 Nc6 6. h3 Bf5 7. a3 e6 8. Bg5
Bd6 9. Nb5 Be7 10. Bf4 a6 11. Nc7+ Kd7 12. Nxa8 Qxa8 13. Bd3 Bxd3 14. Qxd3 Rc8
15. O-O Ke8 16. Nd2 Qa7 17. c3 Nh5 18. Bh2 Bf6 19. g4 e5 20. gxh5 exd4 21.
Rae1+ Kf8 22. Qxh7 1-0